000 01513nam0a2200361 4500
001 RU\NLR\bibl\114013
005 20250617093512.0
010 _a50237-03600-7 (АСТ)
010 _a5-85589-048-1 (гея итэрум)
_96000
021 _aRU
_b2000-23371
_91110
035 _a(NLR Aleph) 000111622
090 _a633366
_c633366
100 _a20001020d1999 |||y0rusy50 ca
101 0 _arus
102 _aRU
105 _ay |||||||||
200 1 _aО себе
_eВоспоминания, мысли и выводы
_fАтаман Семенов
210 _aМ.
_cАСТ
_cГея итэрум
_d1999
215 _a316, [3] c.
_d21
600 1 _aСеменов
_bГ.М.
_f1890 - 1946
_gГригорий Михайлович
_jАвтобиографии
_92236212
_3RU\NLR\AUTH\661342017
606 0 _a"Белое движение"
_jВоспоминания, записки и т.п.
_xИстория
_92081532
_3RU\NLR\auth\661257517
606 1 _aКазачество
_jДокументы и материалы
_xУчастие в Гражданской войне в России
_z1918 - 1920
_92272480
_3RU\NLR\AUTH\661361979
686 1 _aТ3(2)7-8
686 _aТ3(2)712.9-476
686 _aЦ35(2)712-4,2г,013
700 1 _aСеменов
_bГ. М.
_f1890-1946
_gГригорий Михайлович
_4070
801 0 _aRU
_bNLR
_c20001020
_gPSBO
801 1 _aRU
_bNLR
_c20001020
852 _aNLR
_j2000-3/12273
942 _cBOOK
980 _aNB